Movies Quiz

Random Movies or Quote Quiz

Tom Hanks Movies by Critical Contrast Quiz Stats

 Plays Quiz Updated Aug 16, 2017

Challenge
Share
Tweet
Embed
Score 0/16 Timer 06:00
0 Plays Today
Blurb One Film % Correct
‘The most magical, captivating animated Christmas adventure of all time.’
(San Antonio Express-News)
The Polar Express
71.9%
‘A movie heart-breaker of oddball wit and startling grace.’
(Peter Travers)
Forrest Gump
70.4%
‘A love story destined to be remembered as one of the best of the decade.’
(Minneapolis Star Tribune)
You've Got Mail
57.7%
‘The movie progresses with the smooth patter and rapid movements of a conman gulling tourists with a three-card trick.’
(Observer – UK)
Angels & Demons
53.4%
‘A mystery thriller that entertains.’
(Film Journal International)
The Da Vinci Code
46.8%
‘Zemeckis tells his story ... with a control magnificent in what isn't shown as much as in what is.’
(Entertainment Weekly)
Cast Away
44%
‘A powerful, atmospheric crime thriller that blends Godfather-style mayhem with philosophical meditations on the nature of good and evil.’
(BBC)
Road to Perdition
43.7%
‘It's easily the hippest, frankest and funniest date movie around.’
(Rolling Stone)
Sleepless in Seattle
41.5%
Blurb One Film % Correct
‘The film has a contagiously exuberant atmosphere, and you'll most likely leave the theater happily humming the title tune.’
(Cinematter)
That Thing You Do!
32.2%
‘The real reason to watch is the chemistry between Hanks and Roberts, beloved superstars who make a beautiful pair.’
(Miami Herald)
Larry Crowne
31.9%
‘The Coen Brothers have crafted what may be their funniest film.’
(Star-Democrat – MD)
The Ladykillers
28.3%
‘A great American adventure and a wonderful film.’
(Richard Roeper)
Apollo 13
26.8%
‘You'll want to stand up and cheer for [the film], a smart and absolutely irresistible true tale about a guy who dared to make a difference.’
(Maxim)
Charlie Wilson's War
24.2%
‘A feel-good film of such originality and sweetness in a summer of derivative sequels and remakes that it practically qualifies for miracle status.’
(Rex Reed)
The Terminal
22.5%
‘May not have the subtle tongue-in-cheek wit of Tom Wolfe, but [De Palma’s] version of the story is both more comic and angrier for it.’
(Slant Magazine)
The Bonfire of the Vanities
20.8%
'Three-hour-plus film permits the kind of detailing that not only brings the storytelling to life, but persuades us we're breathing to its rhythms.’
(Boston Globe)
The Green Mile
16.1%

You're not logged in!

Compare scores with friends on all Sporcle quizzes.
OR
Log In

You Might Also Like...

Show Comments

Extras

Top Quizzes Today


Score Distribution

Your Account Isn't Verified!

In order to create a playlist on Sporcle, you need to verify the email address you used during registration. Go to your Sporcle Settings to finish the process.

Report this User

Report this user for behavior that violates our Community Guidelines.

Details: